| 000 | 00772nam a22002177a 4500 | ||
|---|---|---|---|
| 010 | _a928892 | ||
| 020 | _a0852231059 | ||
| 035 | _a928892 | ||
| 037 | _aCen Lib/Ret | ||
| 040 |
_aDPL _bEN |
||
| 082 |
_a641.1 _bGOD |
||
| 110 |
_bGreat Britain. Good Housekeeping Institute _9113315 |
||
| 245 |
_aGood Housekeeping eating for a healthy heart / _bby Good Housekeeping Institute (Great Britain) |
||
| 260 |
_aLondon _b Ebury Press _c1977 |
||
| 270 |
_aChestergate House, Vauxhall Bridge Road _bLondon |
||
| 300 |
_a128p ; _b24cm (Hb) |
||
| 650 |
_aHeart -- Diseases -- Diet therapy -- Recipes. _9113316 |
||
| 650 |
_aLow-cholesterol diet -- Recipes. _9113317 |
||
| 650 |
_aHeart -- Diseases -- Diet therapy. _9113318 |
||
| 942 |
_2ddc _cEN _h641.1 _mGOD |
||
| 999 |
_c136182 _d136182 |
||